Najlepsi strzelcy w historii reprezentacji Hiszpanii - Statystyki

Ogólne statystyki
  • Ten quiz został rozwiązany 162 razy
  • Średni wynik to 5 z 10
Statystyki odpowiedzi
Odpowiedź Hint % Poprawnych
David Villa 61 - emerytura
80%
Fernando Torres 39 - emerytura
76%
Raul 43 - emerytura
72%
Alvaro Morata 26 - Atletico Madryt
68%
Sergio Ramos 23 - PSG
61%
David Silva 35 - Real Sociedad
58%
Alfredo di Stefano 23 - nie żyje
44%
Emilio Butragueno 27 - emerytura
34%
Fernando Morientes 27 - emerytura
33%
Fernando Hierro 29 - emerytura
23%
Nie znaleziono quizów pasujących do podanych kryteriów
Rozkład punktacji
Procent ludzi z każdym wynikiem
Percentyl według liczby udzielonych odpowiedzi
Twoja historia wyników
Nie rozwiązałeś tego quizu